Memoria del Servicio de Recaudación de Contribuciones e Impuestos del Estado / a cargo de la Excma. Diputación Provincial de Barcelona
Descripción Física:
59 p. : il., col. ; 25 cm
MARC
| LEADER | 00000nam a2200000Ia 4500 | ||
|---|---|---|---|
| 001 | 8256 | ||
| 008 | 160829s1952 xx 000 0 cat d | ||
| 080 | |a M-3-356 | ||
| 110 | 1 | |a Barcelona (Catalunya : Província). |b Servicio de Recaudación de Contribuciones e Impuestos del Estado |9 56564 | |
| 245 | |a Memoria del Servicio de Recaudación de Contribuciones e Impuestos del Estado / a cargo de la Excma. Diputación Provincial de Barcelona | ||
| 260 | |a Barcelona : |b Diputación. Sección de Prensa, |c 1952 | ||
| 300 | |a 59 p. : |b il., col. ; |c 25 cm | ||
| 590 | |a Hi ha un duplicat: R. 8198, DUP-31 | ||
| 610 | 1 | 0 | |a Barcelona (Catalunya : Província). |b Servicio de Recaudación de Contribuciones e Impuestos del Estado |9 56564 |
| 901 | |a Arxiu | ||
| 942 | |n 1 | ||
| 952 | |0 0 |1 0 |4 0 |6 M3356 |7 1 |9 42515 |a Arxiu |b Arxiu |d 2016-12-01 |l 0 |o M-3-356 |p 8256 |r 2016-12-01 00:00:00 |w 2016-12-01 |y ARXIU | ||
| 999 | |c 45020 |d 45020 | ||